Use cases : requirements in context

Αποθηκεύτηκε σε:
Λεπτομέρειες βιβλιογραφικής εγγραφής
Κύριος συγγραφέας: Kulak, Daryl 1963-
Άλλοι συγγραφείς: Guiney, Eamonn 1971-, Lavkulich, Erin (Εικονογράφος)
Μορφή: Βιβλίο
Γλώσσα:English
Δημοσίευση: Boston : Addison-Wesley, c2004
Θέματα:
Ετικέτες: Προσθήκη ετικέτας
Δεν υπάρχουν, Καταχωρήστε ετικέτα πρώτοι!

MARC

LEADER 00000nam a2200000 i 4500
001 1/58140
008 071011s2004 eng d
020 |a 978-0321-15498-9 (pbk.) 
020 |a 0-321-15498-3 (pbk.) 
035 |l 10091436 
040 |a GR-MY-UA  |b gre  |e aacr 
041 0 |a eng 
082 0 |a 658.05421  |2 (22) 
100 1 |a Kulak, Daryl  |d 1963- 
245 1 0 |a Use cases :  |b requirements in context /  |c Daryl Kulak and Eamonn Guiney ; with illustrations by Erin Lavkulich 
260 |a Boston :   |b Addison-Wesley,   |c c2004 
300 |a xx, 243 σ.;  |b εικ.;  |c 24 εκ. 
504 |a Βιβλιογραφία : σ. 235-236. Ευρετήριο 
650 0 0 |a System design. 
650 0 0 |a Use cases (Systems engineering) 
700 1 |a Guiney, Eamonn  |d 1971- 
700 1 |a Lavkulich, Erin.  |4 ill 
852 |a INST  |b CHIOS  |e 20071011  |h 658.05421 KUL  |p 005200028672  |q 005200028672  |t BK  |y 0 
901 |a BIBL2-2007-3 
909 |a Χ  |b 139593 
922 |a 2ΕΛΗ  |b 200709  |c ΕΠΕΑΕΚ2/ΤΜΟΔ  |d ΠΑΠΑΣΩΤΗΡΙΟΥ 
970 |a ΒΑΡΦΗΣ  |b ΒΑΓΓΕΛΗΣ  |z 2007/10/11